<?xml version="1.0" encoding="UTF-8"?>
<record
    xmlns:xsi="http://www.w3.org/2001/XMLSchema-instance"
    xsi:schemaLocation="http://www.loc.gov/MARC21/slim http://www.loc.gov/standards/marcxml/schema/MARC21slim.xsd"
    xmlns="http://www.loc.gov/MARC21/slim">

  <leader>01248nam2a22002651  4500</leader>
  <controlfield tag="001">rc\3980625</controlfield>
  <controlfield tag="005">20250610223443.0</controlfield>
  <datafield tag="035" ind1=" " ind2=" ">
    <subfield code="a">(NLR Aleph) 007935374</subfield>
  </datafield>
  <datafield tag="090" ind1=" " ind2=" ">
    <subfield code="a">8244999</subfield>
    <subfield code="c">8244999</subfield>
  </datafield>
  <datafield tag="100" ind1=" " ind2=" ">
    <subfield code="a">20130415g19551956|||y0rusy50      ca</subfield>
  </datafield>
  <datafield tag="101" ind1="0" ind2=" ">
    <subfield code="a">rus</subfield>
  </datafield>
  <datafield tag="102" ind1=" " ind2=" ">
    <subfield code="a">RU</subfield>
  </datafield>
  <datafield tag="105" ind1=" " ind2=" ">
    <subfield code="a">y   z   |||||</subfield>
  </datafield>
  <datafield tag="200" ind1="1" ind2=" ">
    <subfield code="a">&#x410;&#x43A;&#x441;&#x435;&#x43B;&#x435;&#x440;&#x43E;&#x43C;&#x435;&#x442;&#x440; &#x410;-2</subfield>
  </datafield>
  <datafield tag="210" ind1=" " ind2=" ">
    <subfield code="d">1955 [&#x432;&#x44B;&#x43F;. &#x434;&#x430;&#x43D;. 1956]</subfield>
    <subfield code="a">&#x411;. &#x43C;.</subfield>
  </datafield>
  <datafield tag="225" ind1="1" ind2=" ">
    <subfield code="a">...</subfield>
    <subfield code="v">&#x2116; &#x41F;&#x421;-55-489</subfield>
  </datafield>
  <datafield tag="423" ind1=" " ind2="0">
    <subfield code="1">1010#$arus</subfield>
    <subfield code="1">2001#$a&#x41F;&#x440;&#x438;&#x431;&#x43E;&#x440;&#x44B; &#x434;&#x43B;&#x44F; &#x440;&#x435;&#x433;&#x438;&#x441;&#x442;&#x440;&#x430;&#x446;&#x438;&#x438; &#x43F;&#x435;&#x440;&#x435;&#x433;&#x440;&#x443;&#x437;&#x43E;&#x43A;$f[&#x418;&#x43D;&#x436;. &#x410;.&#x410;. &#x423;&#x448;&#x430;&#x43A;&#x43E;&#x432;]</subfield>
    <subfield code="1">700#1$a&#x423;&#x448;&#x430;&#x43A;&#x43E;&#x432;$b&#x410;.&#x410;.</subfield>
    <subfield code="t">&#x41F;&#x440;&#x438;&#x431;&#x43E;&#x440;&#x44B; &#x434;&#x43B;&#x44F; &#x440;&#x435;&#x433;&#x438;&#x441;&#x442;&#x440;&#x430;&#x446;&#x438;&#x438; &#x43F;&#x435;&#x440;&#x435;&#x433;&#x440;&#x443;&#x437;&#x43E;&#x43A;</subfield>
    <subfield code="a">&#x423;&#x448;&#x430;&#x43A;&#x43E;&#x432;, &#x410;.&#x410;.</subfield>
  </datafield>
  <datafield tag="423" ind1=" " ind2="0">
    <subfield code="1">1010#$arus</subfield>
    <subfield code="1">2001#$a&#x412;&#x438;&#x431;&#x440;&#x43E;&#x433;&#x440;&#x430;&#x444; &#x412;11$f[&#x41A;&#x430;&#x43D;&#x434;. &#x442;&#x435;&#x445;&#x43D;. &#x43D;&#x430;&#x443;&#x43A; &#x421;.&#x418;. &#x426;&#x435;&#x439;&#x442;&#x43B;&#x438;&#x43D;]</subfield>
    <subfield code="1">700#1$a&#x426;&#x435;&#x439;&#x442;&#x43B;&#x438;&#x43D;$b&#x421;.&#x418;.</subfield>
    <subfield code="t">&#x412;&#x438;&#x431;&#x440;&#x43E;&#x433;&#x440;&#x430;&#x444; &#x412;11</subfield>
    <subfield code="a">&#x426;&#x435;&#x439;&#x442;&#x43B;&#x438;&#x43D;, &#x421;.&#x418;.</subfield>
  </datafield>
  <datafield tag="461" ind1=" " ind2="0">
    <subfield code="1">001rc\3980609</subfield>
    <subfield code="1">2001#$a&#x41F;&#x440;&#x438;&#x431;&#x43E;&#x440;&#x44B; &#x438; &#x441;&#x442;&#x435;&#x43D;&#x434;&#x44B;$e[&#x422;&#x435;&#x43C;&#x430; &#x2116; 1]-$v&#x422;&#x435;&#x43C;&#x430; &#x2116; 1 [15]</subfield>
    <subfield code="9">8244905</subfield>
    <subfield code="c">&#x41C;&#x43E;&#x441;&#x43A;&#x432;&#x430;</subfield>
    <subfield code="d">1955</subfield>
    <subfield code="n">&#x411;. &#x438;.</subfield>
    <subfield code="o">[&#x422;&#x435;&#x43C;&#x430; &#x2116; 1]-</subfield>
    <subfield code="t">&#x41F;&#x440;&#x438;&#x431;&#x43E;&#x440;&#x44B; &#x438; &#x441;&#x442;&#x435;&#x43D;&#x434;&#x44B;</subfield>
    <subfield code="v">&#x422;&#x435;&#x43C;&#x430; &#x2116; 1 [15]</subfield>
  </datafield>
  <datafield tag="700" ind1=" " ind2="1">
    <subfield code="a">&#x421;&#x43C;&#x43E;&#x43B;&#x44E;&#x43A;</subfield>
    <subfield code="b">&#x41B;.&#x410;.</subfield>
  </datafield>
  <datafield tag="801" ind1=" " ind2="0">
    <subfield code="a">RU</subfield>
    <subfield code="b">NLR</subfield>
    <subfield code="g">psbo</subfield>
  </datafield>
  <datafield tag="801" ind1=" " ind2="1">
    <subfield code="a">RU</subfield>
    <subfield code="b">ELAR</subfield>
    <subfield code="2">rusmarc</subfield>
  </datafield>
  <datafield tag="852" ind1=" " ind2=" ">
    <subfield code="a">NLR</subfield>
    <subfield code="j">&#x422;10 &#x413;-8/106</subfield>
  </datafield>
  <datafield tag="942" ind1=" " ind2=" ">
    <subfield code="c">BOOK</subfield>
  </datafield>
  <datafield tag="980" ind1=" " ind2=" ">
    <subfield code="a">NB</subfield>
  </datafield>
  <datafield tag="995" ind1=" " ind2=" ">
    <subfield code="5">2013-10-26</subfield>
    <subfield code="b">NLR02</subfield>
    <subfield code="c">NLR02</subfield>
    <subfield code="e">RFS</subfield>
    <subfield code="f">7935374-10</subfield>
    <subfield code="k">&#x422;10 &#x413;-8/106</subfield>
    <subfield code="o">0</subfield>
    <subfield code="r">BOOK</subfield>
    <subfield code="s">10_8106</subfield>
  </datafield>
</record>
